Der Befehl des Sewiffens
में बचाया:
| मुख्य लेखक: | |
|---|---|
| स्वरूप: | पुस्तक |
| भाषा: | Undetermined |
| प्रकाशित: |
München, Alemania
Franz Cher Rachfolger
1937
|
| विषय: | |
| टैग: |
टैग जोड़ें
कोई टैग नहीं, इस रिकॉर्ड को टैग करने वाले पहले व्यक्ति बनें!
|
MARC
| LEADER | 00000nam a2200000Ia 4500 | ||
|---|---|---|---|
| 008 | 170316s9999 xx 000 0 und d | ||
| 040 | |a cru BVZT | ||
| 090 | |a 830 Z-2d | ||
| 100 | |a Zoberlein, Hans | ||
| 245 | |a Der Befehl des Sewiffens | ||
| 260 | |a München, Alemania | ||
| 260 | |b Franz Cher Rachfolger | ||
| 260 | |c 1937 | ||
| 300 | |a 990 páginas | ||
| 650 | |a LITERATURA ALEMANA | ||
| 999 | |c 7466 |d 7466 | ||
| 942 | |c 15 D |h 830 Z-2d |2 z | ||
